000 01406nam0a2200313 4500
001 RU\NLR\bibl\1402959
005 20260405100130.0
010 _a978-5-7253-1903-3
_9100
021 _aRU
_b2009-48277
_92966
035 _a(NLR Aleph) 001394959
090 _a1186023
_c1186023
100 _a20131026d2008 |||y0rusy50 ca
101 0 _arus
102 _aRU
105 _aa |||||||||
200 1 _aУправление муниципальной службой
_eмодуль для повышения квалификации муниципальных служащих
_fЛ.Г.
_gСоколова
_gФедер. агентство по образованию, Байк. гос. ун-т экономики и права
210 _aИркутск
_cИзд-во БГУЭП
_d2008
215 _a203 с.
_cил.
_d21
320 _aБиблиогр.: с. 98 (13 назв.)
606 1 _aМуниципальные служащие
_jУчебные издания
_xУправление
_yРоссийская Федерация
_92307531
_3RU\NLR\auth\661381180
686 _aХ621.011.2я7
700 1 _4070
_7ca
_8rus
_aСоколова
_bЛ. Г.
_cд-р экон. наук
_f1949-
_gЛариса Георгиевна
_919387
_3RU\NLR\AUTH\7736397
801 0 _aRU
_bNLR
_c20090820
_gRCR
801 1 _aRU
_bNLR
_c20090820
830 _aАвт. по кн.
942 _cBOOK
980 _aNB
980 _aNBR